[Event "Guernsey Open"]
[Site "Guernsey GCI"]
[Date "2008.10.19"]
[Round "1"]
[White "Spraggett, Kevin"]
[Black "Prins, Jan"]
[Result "1-0"]
[WhiteElo "2597"]
[BlackElo "2045"]
[PlyCount "95"]
[EventDate "2008.10.19"]
[SourceDate "2006.10.28"]

1. Nf3 d5 2. d4 c6 3. c4 Nf6 4. e3 g6 5. Nc3 Bg7 6. Bd3 O-O 7. O-O Be6 8. cxd5
Nxd5 9. e4 Nb6 10. Be2 Bg4 11. Be3 N8d7 12. Qb3 Nf6 13. Rad1 e6 14. h3 Bxf3 15.
Bxf3 Qc7 16. Rc1 Qe7 17. a4 Rad8 18. Rfe1 e5 19. dxe5 Qxe5 20. a5 Nbd7 21. Qxb7
Rb8 22. Qxa7 Ra8 23. Qd4 Rxa5 24. Qd2 Qb8 25. Red1 Ne5 26. Be2 Qb4 27. Bd4 Re8
28. f4 Nc4 29. Bxc4 Qxc4 30. Bxf6 Bxf6 31. Nd5 Bd4+ 32. Qxd4 Qxd4+ 33. Rxd4
cxd5 34. exd5 Ra7 35. d6 Rd7 36. Rc7 Red8 37. Rxd7 Rxd7 38. Kf2 Kf8 39. Ke3 f5
40. b4 Ke8 41. b5 Ra7 42. b6 Ra3+ 43. Rd3 Ra4 44. Rb3 Ra8 45. b7 Rb8 46. Kd4
Kd7 47. Kc5 h6 48. h4 1-0

[Event "Guernsey Open"]
[Site "Guernsey GCI"]
[Date "2008.10.19"]
[Round "1"]
[White "Ozanne, M."]
[Black "Hillarp Persson, Tiger"]
[Result "0-1"]
[WhiteElo "2042"]
[BlackElo "2543"]
[PlyCount "42"]
[EventDate "2008.10.19"]
[SourceDate "2006.10.28"]

1. e4 c5 2. Nf3 e6 3. d4 cxd4 4. Nxd4 a6 5. Nc3 b5 6. Bd3 Qb6 7. Nb3 Qc7 8. O-O
Bb7 9. Qe2 Nc6 10. a4 b4 11. Na2 Nf6 12. Bd2 d5 13. exd5 Nxd5 14. Bc4 Nf6 15.
c3 Ne5 16. Bd3 bxc3 17. Bxc3 Neg4 18. g3 Qc6 19. f3 Qb6+ 20. Bd4 Qxb3 21. Bc4
Qxa4 0-1

[Event "Guernsey Open"]
[Site "Guernsey GCI"]
[Date "2008.10.19"]
[Round "1"]
[White "Kurajica, Bojan"]
[Black "Dijksterhuis, Rolf"]
[Result "1-0"]
[WhiteElo "2540"]
[BlackElo "2040"]
[PlyCount "51"]
[EventDate "2008.10.19"]
[SourceDate "2006.10.28"]

1. d4 d5 2. c4 c6 3. e3 Nf6 4. Bd3 e6 5. Nd2 Nbd7 6. f4 Be7 7. Ngf3 Ng4 8. e4
dxe4 9. Nxe4 O-O 10. Qe2 c5 11. Neg5 Ngf6 12. Be3 cxd4 13. Nxd4 e5 14. Nc2 h6
15. h4 exf4 16. Bxf4 Nc5 17. O-O-O Bg4 18. Nf3 Qe8 19. Rhe1 Ne6 20. Be5 Qa4 21.
Ne3 Bxf3 22. Qxf3 Qxa2 23. Nf5 Bd8 24. Nxh6+ Kh8 25. Ng4 Nc5 26. Nxf6 1-0

[Event "Guernsey Open"]
[Site "Guernsey GCI"]
[Date "2008.10.19"]
[Round "1"]
[White "Kamps, JW."]
[Black "Bellin, Robert"]
[Result "1/2-1/2"]
[WhiteElo "2039"]
[BlackElo "2405"]
[PlyCount "36"]
[EventDate "2008.10.19"]
[SourceDate "2006.10.28"]

1. e4 c5 2. Nf3 Nc6 3. d4 cxd4 4. Nxd4 g6 5. Nc3 Bg7 6. Nde2 Rb8 7. a4 a6 8. g3
b5 9. axb5 axb5 10. Bg2 h5 11. h3 b4 12. Nd5 e6 13. Ne3 Nge7 14. O-O O-O 15. f4
Qb6 16. Kh2 Ba6 17. Rxa6 Qxa6 18. f5 Bf6 1/2-1/2

[Event "Guernsey Open"]
[Site "Guernsey GCI"]
[Date "2008.10.19"]
[Round "1"]
[White "Bisby, Daniel L"]
[Black "De Kruif, Kees"]
[Result "1-0"]
[WhiteElo "2287"]
[BlackElo "2038"]
[PlyCount "89"]
[EventDate "2008.10.19"]
[SourceDate "2006.10.28"]

1. e4 c5 2. Nf3 d6 3. d4 cxd4 4. Nxd4 Nf6 5. Nc3 a6 6. Be3 e6 7. f4 Qc7 8. Qf3
Nc6 9. Bd3 Be7 10. O-O-O O-O 11. g4 Nb4 12. g5 Nd7 13. Kb1 b5 14. h4 Bb7 15. h5
Rfc8 16. g6 Bf6 17. gxf7+ Kxf7 18. Qh3 Nc5 19. a3 Nbxd3 20. cxd3 Qd7 21. Rhg1
a5 22. f5 b4 23. fxe6+ Nxe6 24. Nd5 Bxd5 25. exd5 Nc5 26. Qxd7+ Nxd7 27. Nf5
Ra6 28. Bf4 Rc5 29. Nxd6+ Kf8 30. Rde1 Ra8 31. Re6 Rxd5 32. Rge1 g5 33. hxg6
hxg6 34. Bh6+ Kg8 35. Ne4 Kf7 36. Nxf6 Nxf6 37. Re7+ Kg8 38. Rg7+ Kh8 39. Rxg6
Nh5 40. Bg5 Ng7 41. Bf6 Ra7 42. Reg1 Rdd7 43. Bxg7+ Rxg7 44. Rxg7 Rxg7 45. Rxg7
1-0

[Event "Guernsey Open"]
[Site "Guernsey GCI"]
[Date "2008.10.19"]
[Round "1"]
[White "Jamieson, Ian"]
[Black "Kett, Timothy"]
[Result "0-1"]
[WhiteElo "2013"]
[BlackElo "2272"]
[PlyCount "94"]
[EventDate "2008.10.19"]
[SourceDate "2006.10.28"]

1. f4 e5 2. fxe5 d6 3. exd6 Bxd6 4. Nf3 g5 5. g3 Nc6 6. d4 g4 7. Nh4 Nxd4 8.
Be3 Nc6 9. Qd3 Ne5 10. Qc3 Qe7 11. Nd2 Nf6 12. Bg2 Bd7 13. O-O-O O-O-O 14. Qb3
Bc6 15. Bg5 Bxg2 16. Nxg2 Ned7 17. Nc4 Bc5 18. Nf4 Qe4 19. Qd3 Qc6 20. Nd5 Rde8
21. Bxf6 Nxf6 22. Qf5+ Nd7 23. Qxg4 Kb8 24. e4 Nf8 25. Nce3 Ng6 26. Nf5 Qa4 27.
Nc3 Qc4 28. Rhe1 Bb4 29. Ne3 Qa6 30. Ned5 Ba5 31. Qe2 Qc6 32. Rf1 Re6 33. Rxf7
Ne5 34. Re7 Bxc3 35. Rxe6 Bxb2+ 36. Kxb2 Qxe6 37. Rd4 Rd8 38. Kc1 Rf8 39. Nc3
a6 40. Qd2 Rf1+ 41. Nd1 Nc6 42. Ra4 Qe5 43. c3 Qb5 44. Qc2 Ne5 45. Rb4 Nd3+ 46.
Kd2 Nxb4 47. cxb4 Qxb4+ 0-1

[Event "Guernsey Open"]
[Site "Guernsey GCI"]
[Date "2008.10.19"]
[Round "1"]
[White "Wallace, Paul Anthony"]
[Black "Murray, John Stephen"]
[Result "1-0"]
[WhiteElo "2259"]
[BlackElo "2005"]
[PlyCount "73"]
[EventDate "2008.10.19"]
[SourceDate "2006.10.28"]

1. e4 c5 2. Nf3 d6 3. d4 cxd4 4. Nxd4 Nf6 5. Nc3 a6 6. Bg5 e6 7. f4 Be7 8. Qf3
Qa5 9. O-O-O Bd7 10. e5 dxe5 11. fxe5 Nd5 12. Bxe7 Nxc3 13. Qxb7 Nxd1 14. Bd6
Ne3 15. Bd3 Qd5 16. Be4 Qxb7 17. Bxb7 Nc4 18. Bxa8 Nxd6 19. exd6 O-O 20. c4 Rc8
21. b3 Rc5 22. Kb2 e5 23. Nf3 f6 24. b4 Rc8 25. Bd5+ Kf8 26. Kb3 Ke8 27. a4 Bc6
28. Be6 Rd8 29. c5 Nd7 30. a5 Rb8 31. Kc3 Kd8 32. Bc4 Bb5 33. Nd2 Kc8 34. Bxb5
Rxb5 35. c6 Nb8 36. c7 Nc6 37. Nc4 1-0

[Event "Guernsey Open"]
[Site "Guernsey GCI"]
[Date "2008.10.19"]
[Round "1"]
[White "Hickman, John E"]
[Black "Broek, Thomas"]
[Result "1/2-1/2"]
[WhiteElo "1989"]
[BlackElo "2229"]
[PlyCount "70"]
[EventDate "2008.10.19"]
[SourceDate "2006.10.28"]

1. Nf3 Nf6 2. g3 c5 3. Bg2 g6 4. O-O Bg7 5. d3 O-O 6. e4 d6 7. c3 c4 8. Re1
cxd3 9. Qxd3 d5 10. exd5 Qxd5 11. Qxd5 Nxd5 12. Nd4 e6 13. Na3 Na6 14. Bg5 Nac7
15. Rad1 h6 16. Bc1 Rd8 17. Ndb5 Nxb5 18. Nxb5 Bd7 19. Bxd5 Bxb5 20. Bxb7 Rab8
21. Bf3 Bd3 22. Re3 Bb1 23. a3 Bc2 24. Rxd8+ Rxd8 25. Kf1 a5 26. Re1 Bd3+ 27.
Be2 Bc2 28. Bb5 Rd5 29. Bc6 Bd3+ 30. Kg2 Rc5 31. Bf3 Bc2 32. Kf1 Bd3+ 33. Be2
Bc2 34. Bd1 Bd3+ 35. Be2 Bc2 1/2-1/2

[Event "Guernsey Open"]
[Site "Guernsey GCI"]
[Date "2008.10.19"]
[Round "1"]
[White "Timmermans, Ivo"]
[Black "Guttridge, David"]
[Result "1-0"]
[WhiteElo "2226"]
[BlackElo "1992"]
[PlyCount "71"]
[EventDate "2008.10.19"]
[SourceDate "2006.10.28"]

1. e4 e6 2. d4 d5 3. Nc3 Bb4 4. e5 Ne7 5. a3 Bxc3+ 6. bxc3 b6 7. Qg4 Ng6 8. h4
h5 9. Qg3 Ba6 10. Bxa6 Nxa6 11. Qd3 Nb8 12. Nf3 Nc6 13. Rh3 Qd7 14. Ng5 Nce7
15. c4 dxc4 16. Qxc4 Qd5 17. Qxd5 Nxd5 18. Bd2 Rd8 19. O-O-O O-O 20. g3 Rd7 21.
Rhh1 Nde7 22. Bb4 a5 23. Bxe7 Nxe7 24. c3 Rfd8 25. Ne4 Nc6 26. Rdg1 Rf8 27. g4
hxg4 28. Rxg4 Kh8 29. Rhg1 f5 30. exf6 gxf6 31. Rg6 Rdf7 32. Rh6+ Rh7 33. Rxf6
Rxf6 34. Nxf6 Rg7 35. Rxg7 Kxg7 36. Ne8+ 1-0

[Event "Guernsey Open"]
[Site "Guernsey GCI"]
[Date "2008.10.19"]
[Round "1"]
[White "Fassaert, DJM."]
[Black "Goater, Kevin P"]
[Result "0-1"]
[WhiteElo "2002"]
[BlackElo "2205"]
[PlyCount "111"]
[EventDate "2008.10.19"]
[SourceDate "2006.10.28"]

1. d4 g6 2. Nf3 Bg7 3. e4 d6 4. Bc4 e6 5. Bg5 Ne7 6. Nc3 h6 7. Be3 a6 8. a4 b6
9. O-O Nd7 10. Qd2 Bb7 11. Rfe1 g5 12. Qd3 Nf8 13. Rad1 Nfg6 14. g3 Rg8 15. Rf1
Qd7 16. Ne1 Nc6 17. Qe2 Bh8 18. f3 Na5 19. Ba2 Nc6 20. Bc4 Nce7 21. Ng2 e5 22.
Bf2 h5 23. Bb3 h4 24. g4 h3 25. Ne3 exd4 26. Ncd5 dxe3 27. Bxe3 Ne5 28. Qd2
Nxd5 29. Bxd5 Bxd5 30. Qxd5 Rd8 31. b4 Qe6 32. Qb7 Qc4 33. Rf2 Qc3 34. Bd2
Nxf3+ 35. Kf1 Qc4+ 36. Re2 Nxh2+ 37. Ke1 Be5 38. Be3 Bg3+ 39. Bf2 Qc3+ 40. Rdd2
Nf3+ 41. Kf1 Nxd2+ 42. Rxd2 Qxd2 43. Bxg3 Qd1+ 44. Kf2 Qxc2+ 45. Ke3 Qc3+ 46.
Kf2 Qd4+ 47. Kf1 Qd3+ 48. Kf2 Qc2+ 49. Ke3 Rg6 50. Qxa6 h2 51. Qb5+ Kf8 52.
Bxh2 Qxh2 53. Qc6 Qg3+ 54. Kd4 Qxg4 55. Qxc7 Qd7 56. Qxb6 0-1

[Event "Guernsey Open"]
[Site "Guernsey GCI"]
[Date "2008.10.19"]
[Round "1"]
[White "Cornelisse, Johnny JA"]
[Black "Spanton, Timothy"]
[Result "0-1"]
[WhiteElo "2203"]
[BlackElo "1982"]
[PlyCount "58"]
[EventDate "2008.10.19"]
[SourceDate "2006.10.28"]

1. d4 d5 2. c4 e6 3. Nf3 Nf6 4. Nc3 c5 5. cxd5 cxd4 6. Qa4+ Bd7 7. Qxd4 exd5 8.
Bg5 Be7 9. e3 Nc6 10. Qd2 O-O 11. Bd3 Bg4 12. Nd4 Nxd4 13. exd4 Re8 14. O-O Rc8
15. Rfe1 a6 16. Rxe7 Qxe7 17. Nxd5 Qd6 18. Nxf6+ gxf6 19. Be3 Bh5 20. f4 Qe6
21. Re1 Bg6 22. Bxg6 fxg6 23. d5 Qd6 24. f5 Re5 25. fxg6 hxg6 26. Rd1 Rce8 27.
Bf4 Qc5+ 28. Kf1 Qc4+ 29. Qd3 Qxf4+ 0-1

[Event "Guernsey Open"]
[Site "Guernsey GCI"]
[Date "2008.10.19"]
[Round "1"]
[White "Morcom, Hugh C"]
[Black "Burrows, Martin P"]
[Result "0-1"]
[WhiteElo "1978"]
[BlackElo "2196"]
[PlyCount "56"]
[EventDate "2008.10.19"]
[SourceDate "2006.10.28"]

1. Nf3 Nf6 2. g3 g6 3. Bg2 Bg7 4. O-O O-O 5. d3 d5 6. Nbd2 c5 7. e4 e6 8. Re1
Nc6 9. h4 b6 10. a3 Bb7 11. Qe2 a5 12. Rb1 Qc7 13. Nf1 dxe4 14. dxe4 Ba6 15.
Qe3 Rad8 16. N1h2 e5 17. Bf1 Bxf1 18. Kxf1 Nd4 19. Qc3 Qb7 20. Nxd4 cxd4 21.
Qd3 Rc8 22. Bd2 Rfd8 23. Rbc1 Nd7 24. Bg5 Nc5 25. Qf3 Rd6 26. Kg2 f6 27. Bd2 f5
28. b4 fxe4 0-1

[Event "Guernsey Open"]
[Site "Guernsey GCI"]
[Date "2008.10.19"]
[Round "1"]
[White "Reijneveld, Ad"]
[Black "Dennis, Nigel W"]
[Result "1-0"]
[WhiteElo "2196"]
[BlackElo "1978"]
[PlyCount "37"]
[EventDate "2008.10.19"]
[SourceDate "2006.10.28"]

1. Nc3 d5 2. e4 d4 3. Nce2 e5 4. Ng3 Nf6 5. Bc4 Be7 6. Nf3 Bg4 7. Bxf7+ Kf8 8.
Bc4 g6 9. d3 Nbd7 10. Bh6+ Ke8 11. Bg7 Rg8 12. Bxg8 Nxg8 13. h3 Bxf3 14. Qxf3
Bg5 15. h4 Bxh4 16. Qg4 Bxg3 17. Qe6+ Ne7 18. Rxh7 Nf8 19. Rh8 1-0

[Event "Guernsey Open"]
[Site "Guernsey GCI"]
[Date "2008.10.19"]
[Round "1"]
[White "Brown, Tom"]
[Black "Norman, Kenneth I"]
[Result "1-0"]
[WhiteElo "1966"]
[BlackElo "2192"]
[PlyCount "67"]
[EventDate "2008.10.19"]
[SourceDate "2006.10.28"]

1. Nf3 Nf6 2. c4 c5 3. Nc3 d5 4. cxd5 Nxd5 5. g3 Nc6 6. Bg2 Nc7 7. O-O e5 8. d3
Be7 9. Nd2 Bd7 10. Nc4 f6 11. Ne4 Be6 12. Be3 Nd4 13. f4 b5 14. Na5 Nd5 15. Bd2
exf4 16. gxf4 Rc8 17. Ng3 Ne3 18. Bxe3 Qxa5 19. Bd2 Qb6 20. e3 Nc6 21. Nh5 Rg8
22. f5 Bf7 23. Kh1 Ne5 24. Bc3 Qd6 25. Nf4 g5 26. fxg6 hxg6 27. d4 Nc4 28. Qf3
b4 29. dxc5 Qxc5 30. Bd4 Qd6 31. Rad1 Ne5 32. Qb7 Qc7 33. Bxe5 fxe5 34. Qb5+
1-0

[Event "Guernsey Open"]
[Site "Guernsey GCI"]
[Date "2008.10.19"]
[Round "1"]
[White "Jackson, Oliver A"]
[Black "Gravett, Alan D"]
[Result "1-0"]
[WhiteElo "2182"]
[BlackElo "1948"]
[PlyCount "61"]
[EventDate "2008.10.19"]
[SourceDate "2006.10.28"]

1. e4 c5 2. Nc3 Nc6 3. f4 d6 4. Nf3 g6 5. Bc4 Bg7 6. O-O e6 7. d3 Nge7 8. Qe1
a6 9. Bd2 O-O 10. a4 d5 11. Bb3 Nd4 12. Nxd4 cxd4 13. Ne2 dxe4 14. dxe4 d3 15.
Nc3 dxc2 16. Bxc2 Qb6+ 17. Kh1 Qxb2 18. Ra2 Qb6 19. e5 Bd7 20. Be3 Qc7 21. Ne4
Qc4 22. Rb2 Nf5 23. Bc5 Bc6 24. Bxf8 Bxf8 25. Nf6+ Kg7 26. Be4 Ne3 27. Rf3 Bxe4
28. Rxe3 Bf5 29. g4 Qc6+ 30. Rg2 Bc2 31. Rc3 1-0

[Event "Guernsey Open"]
[Site "Guernsey GCI"]
[Date "2008.10.19"]
[Round "1"]
[White "Heath, Jeffrey"]
[Black "Spice, Alan"]
[Result "0-1"]
[WhiteElo "1925"]
[BlackElo "2173"]
[PlyCount "36"]
[EventDate "2008.10.19"]
[SourceDate "2006.10.28"]

1. e4 e6 2. Nc3 d5 3. exd5 exd5 4. d4 c6 5. Nf3 Bd6 6. Bd3 Ne7 7. Bg5 Bg4 8. h3
Bh5 9. g4 Bg6 10. Qe2 Nd7 11. O-O-O Nf8 12. Rhe1 Ne6 13. Qf1 Nxg5 14. Ne5 Bxd3
15. Rxd3 f6 16. h4 Nf7 17. Nf3 O-O 18. Qg2 Ng6 0-1

[Event "Guernsey Open"]
[Site "Guernsey GCI"]
[Date "2008.10.19"]
[Round "1"]
[White "Havenaar, Jan"]
[Black "Viviani, Primo"]
[Result "1-0"]
[WhiteElo "2170"]
[BlackElo "1939"]
[PlyCount "45"]
[EventDate "2008.10.19"]
[SourceDate "2006.10.28"]

1. Nc3 c5 2. Nf3 Nc6 3. d4 cxd4 4. Nxd4 g6 5. Nxc6 bxc6 6. Qd4 Nf6 7. e4 Qb6 8.
Qxb6 axb6 9. e5 Ng4 10. f4 Ba6 11. h3 Nh6 12. Ne4 Nf5 13. g4 Bxf1 14. Rxf1 d5
15. exd6 Nxd6 16. Nxd6+ exd6 17. f5 h5 18. fxg6 fxg6 19. Bg5 hxg4 20. hxg4 Ra4
21. O-O-O Rxg4 22. Rde1+ Kd7 23. Rf7+ 1-0

[Event "Guernsey Open"]
[Site "Guernsey GCI"]
[Date "2008.10.19"]
[Round "1"]
[White "Goris Schouwstra, Adri"]
[Black "Heppell, Ian N"]
[Result "0-1"]
[WhiteElo "1943"]
[BlackElo "2168"]
[PlyCount "64"]
[EventDate "2008.10.19"]
[SourceDate "2006.10.28"]

1. d4 d6 2. Nf3 Bg4 3. e3 Nd7 4. Be2 Ngf6 5. c4 e5 6. Nc3 Be7 7. h3 Bh5 8. O-O
O-O 9. Bd2 Re8 10. dxe5 dxe5 11. Nh2 Bg6 12. Nf3 h6 13. Nd5 Nxd5 14. cxd5 e4
15. Nd4 Nb6 16. Rc1 Nxd5 17. a3 c6 18. Bc4 Rc8 19. Ba2 Qd6 20. Qg4 h5 21. Qe2
Qe5 22. b4 Bd6 23. g3 h4 24. Be1 Bh5 25. Qd2 Qg5 26. Bxd5 cxd5 27. Rxc8 Rxc8
28. Kg2 Rc4 29. Rg1 Be5 30. f4 exf3+ 31. Nxf3 Bxf3+ 32. Kxf3 Qf5+ 0-1

[Event "Guernsey Open"]
[Site "Guernsey GCI"]
[Date "2008.10.19"]
[Round "1"]
[White "Coenen, Albert"]
[Black "Vickery, Jim"]
[Result "1/2-1/2"]
[WhiteElo "1918"]
[BlackElo "2113"]
[PlyCount "36"]
[EventDate "2008.10.19"]
[SourceDate "2006.10.28"]

1. d4 Nf6 2. c4 d6 3. Nc3 e5 4. dxe5 dxe5 5. Qxd8+ Kxd8 6. Bg5 c6 7. Nf3 Nbd7
8. Bxf6+ gxf6 9. O-O-O Kc7 10. e3 a5 11. Bd3 Nc5 12. Bc2 Be6 13. b3 Bg4 14. h3
Bh5 15. g4 Bg6 16. Bxg6 fxg6 17. Kc2 Be7 18. Rd2 Rhd8 1/2-1/2

[Event "Guernsey Open"]
[Site "Guernsey GCI"]
[Date "2008.10.19"]
[Round "1"]
[White "Wismayer, Clive R"]
[Black "Badenhop, WEH."]
[Result "1-0"]
[WhiteElo "2111"]
[BlackElo "1900"]
[PlyCount "29"]
[EventDate "2008.10.19"]
[SourceDate "2006.10.28"]

1. e4 g6 2. d4 Bg7 3. Nc3 c6 4. Bc4 d6 5. Qf3 e6 6. Bf4 d5 7. Bb3 Nd7 8. O-O-O
dxe4 9. Nxe4 Ngf6 10. Nd6+ Kf8 11. g4 Qe7 12. Nh3 h6 13. Rhe1 Nb6 14. c4 Bd7
15. Nxb7 1-0

[Event "Guernsey Open"]
[Site "Guernsey GCI"]
[Date "2008.10.19"]
[Round "1"]
[White "Downey, Keith A"]
[Black "Collier, David O"]
[Result "1/2-1/2"]
[WhiteElo "1887"]
[BlackElo "2089"]
[PlyCount "34"]
[EventDate "2008.10.19"]
[SourceDate "2006.10.28"]

1. Nf3 b6 2. g3 Bb7 3. Bg2 e5 4. d3 g6 5. c4 Bg7 6. O-O Ne7 7. Nc3 O-O 8. Bg5
f6 9. Bd2 Kh8 10. Qc1 Nbc6 11. Bh6 Nf5 12. Bxg7+ Kxg7 13. Nd2 Na5 14. Nd5 c6
15. Nc3 c5 16. Bxb7 Nxb7 17. Nd5 Ne7 1/2-1/2

[Event "Guernsey Open"]
[Site "Guernsey GCI"]
[Date "2008.10.19"]
[Round "1"]
[White "Minnican, Alan William"]
[Black "Glover, John"]
[Result "1-0"]
[WhiteElo "2086"]
[BlackElo "1888"]
[PlyCount "143"]
[EventDate "2008.10.19"]
[SourceDate "2006.10.28"]

1. Nf3 Nf6 2. g3 g6 3. b3 Bg7 4. Bb2 c5 5. c4 Nc6 6. Bg2 O-O 7. O-O d6 8. d4
cxd4 9. Nxd4 Nxd4 10. Qxd4 Ne8 11. Qd2 Bxb2 12. Qxb2 Rb8 13. Nc3 Nf6 14. Rfe1
b6 15. e4 Nd7 16. Qd2 Kg7 17. Qd4+ f6 18. Qd2 a6 19. Ne2 Ne5 20. f4 Nf7 21. Nd4
Qc7 22. h3 Nd8 23. Rac1 Nc6 24. Nc2 a5 25. Ne3 Be6 26. Kh2 Nd8 27. Bf3 Qc5 28.
Bg4 Bxg4 29. Nxg4 Nf7 30. Ne3 Rb7 31. Qc3 Rc8 32. Red1 Qc6 33. Nc2 Qe8 34. Qe3
Rc5 35. Rd3 Qc8 36. a4 Rh5 37. h4 g5 38. Qf3 Kh6 39. Ne3 gxh4 40. Nf5+ Rxf5 41.
exf5 Qxf5 42. g4 Qc8 43. Qh3 Qc5 44. Qxh4+ Kg7 45. Rcd1 Rc7 46. Rh3 h6 47. Rhd3
Qc6 48. Rd5 Qd7 49. Qg3 Rc5 50. Qf3 Qc7 51. Kg3 Qd7 52. Qe3 Qb7 53. Qe4 Rc7 54.
Re1 Rd7 55. Qd3 Qc6 56. Qe4 Qb7 57. Kh4 Qc8 58. Rb5 Qd8 59. Qc6 e5 60. Qxb6
exf4 61. Qxd8 Rxd8 62. Re7 Kf8 63. Re6 Kg7 64. Rxa5 Rd7 65. Rf5 f3 66. Rexf6
Rb7 67. Rxf7+ Rxf7 68. Rxf7+ Kxf7 69. Kg3 Ke6 70. Kxf3 d5 71. cxd5+ Kxd5 72.
Kf4 1-0

[Event "Guernsey Open"]
[Site "Guernsey GCI"]
[Date "2008.10.19"]
[Round "1"]
[White "Wagner, Ghislain"]
[Black "Goris, Ton"]
[Result "1/2-1/2"]
[WhiteElo "1862"]
[BlackElo "2077"]
[PlyCount "86"]
[EventDate "2008.10.19"]
[SourceDate "2006.10.28"]

1. Nf3 Nf6 2. c4 c5 3. g3 Nc6 4. Bg2 e6 5. Nc3 d5 6. cxd5 Nxd5 7. O-O Be7 8.
Nxd5 exd5 9. d4 c4 10. Ne5 O-O 11. Nxc6 bxc6 12. b3 Ba6 13. bxc4 Bxc4 14. Re1
Re8 15. e4 dxe4 16. Bxe4 Bd5 17. Qc2 Bxe4 18. Qxe4 Qd7 19. Qd3 Bf6 20. Be3 c5
21. Rad1 cxd4 22. Bc1 Qa4 23. Bb2 Qxa2 24. Bxd4 Rxe1+ 25. Rxe1 Qd5 26. Qe3 Qe6
27. Qxe6 fxe6 28. Bxf6 gxf6 29. Rxe6 Kf7 30. Ra6 Kg6 31. Kg2 Kg5 32. f4+ Kg6
33. Kf3 h5 34. h3 Kf5 35. g4+ hxg4+ 36. hxg4+ Kg6 37. g5 Rf8 38. gxf6 Rxf6 39.
Rxa7 Rb6 40. Kg4 Rc6 41. Ra5 Rb6 42. Rg5+ Kf6 43. Kh5 Rb1 1/2-1/2

[Event "Guernsey Open"]
[Site "Guernsey GCI"]
[Date "2008.10.19"]
[Round "1"]
[White "Hamperl, Fred A"]
[Black "Van der Sanden, Martin"]
[Result "1-0"]
[WhiteElo "2076"]
[BlackElo "1884"]
[PlyCount "93"]
[EventDate "2008.10.19"]
[SourceDate "2006.10.28"]

1. e4 e5 2. Nf3 Nc6 3. d4 exd4 4. Nxd4 Bc5 5. Be3 Qf6 6. c3 Nge7 7. Bc4 Ne5 8.
Be2 Qg6 9. O-O d5 10. Bh5 Bg4 11. Bxg6 Bxd1 12. Bxf7+ Kxf7 13. Rxd1 Nc4 14. b4
Bxd4 15. Rxd4 Rhd8 16. Nd2 Nxd2 17. Rxd2 dxe4 18. Rad1 Ke8 19. Rd4 Rxd4 20.
Rxd4 Rd8 21. g4 Rxd4 22. Bxd4 g6 23. Kg2 Kd7 {(=)} 24. Kg3 Ke6 25. Kf4 Kd5 26.
Bxa7 b6 27. Bb8 Kc6 28. Kxe4 Kb7 29. Bxc7 Kxc7 30. Ke5 Kd7 31. a4 h5 32. gxh5
gxh5 33. f4 Ng6+ 34. Kf5 Nh4+ 35. Kg5 Nf3+ 36. Kxh5 Nxh2 37. Kg6 Ke7 38. a5
bxa5 39. bxa5 Kd6 40. f5 Kc5 41. f6 Ng4 42. f7 Ne5+ 43. Kf6 Nxf7 44. Kxf7 Kb5
45. Ke6 Kxa5 46. c4 Kb6 47. Kd6 1-0

[Event "Guernsey Open"]
[Site "Guernsey GCI"]
[Date "2008.10.19"]
[Round "1"]
[White "Nicholson, J."]
[Black "Westerkamp, Bert"]
[Result "1/2-1/2"]
[WhiteElo "1877"]
[BlackElo "2070"]
[PlyCount "39"]
[EventDate "2008.10.19"]
[SourceDate "2006.10.28"]

1. e4 e5 2. Nf3 Nc6 3. Bb5 a6 4. Ba4 d6 5. c3 Bd7 6. O-O g6 7. d4 Bg7 8. Be3
Nf6 9. Nbd2 O-O 10. h3 Qe7 11. Re1 Rad8 12. Bc2 h6 13. Nb3 Kh7 14. dxe5 Nxe5
15. Nxe5 Qxe5 16. f4 Qh5 17. Nd4 Qxd1 18. Raxd1 Rde8 19. Bf2 Nh5 20. f5 1/2-1/2

[Event "Guernsey Open"]
[Site "Guernsey GCI"]
[Date "2008.10.19"]
[Round "1"]
[White "Simmons, Matthew"]
[Black "Blijlevens, Pim"]
[Result "1/2-1/2"]
[WhiteElo "2067"]
[BlackElo "1849"]
[PlyCount "84"]
[EventDate "2008.10.19"]
[SourceDate "2006.10.28"]

1. e4 c5 2. Nf3 Nc6 3. d4 cxd4 4. Nxd4 e5 5. Nb5 a6 6. Nd6+ Bxd6 7. Qxd6 Qf6 8.
Qd2 Qg6 9. Nc3 d5 10. Qg5 Qxg5 11. Bxg5 d4 12. Nd5 Rb8 13. Bc4 Nge7 14. Nc7+
Kd7 15. Nd5 Nxd5 16. Bxd5 Rf8 17. O-O f6 18. Bd2 Kd6 19. c3 Be6 20. cxd4 Bxd5
21. dxe5+ fxe5 22. exd5 Kxd5 23. Rad1 Ke6 24. Rde1 Kd7 25. Re4 Rbe8 26. Rfe1
Re6 27. Bc3 Rfe8 28. f3 R8e7 29. Rh4 g6 30. Kf2 Rf7 31. Rhe4 Rfe7 32. Kg3 Re8
33. Kg4 R8e7 34. Rd1+ Rd6 35. Rxd6+ Kxd6 36. Kg5 Rf7 37. Kh6 Kd5 38. Re1 Nd4
39. h4 Nf5+ 40. Kg5 Nd4 41. Kh6 Nf5+ 42. Kg5 Nd4 1/2-1/2

[Event "Guernsey Open"]
[Site "Guernsey GCI"]
[Date "2008.10.19"]
[Round "1"]
[White "Ruigrok, Jacques"]
[Black "Ippel, Cornelius J"]
[Result "1/2-1/2"]
[WhiteElo "1801"]
[BlackElo "2065"]
[PlyCount "121"]
[EventDate "2008.10.19"]
[SourceDate "2006.10.28"]

1. e4 e6 2. d4 d5 3. e5 c5 4. c3 Qb6 5. Nf3 Nc6 6. Bd3 Bd7 7. dxc5 Bxc5 8. O-O
a6 9. b4 Be7 10. Nbd2 d4 11. Nc4 Qc7 12. cxd4 Nxb4 13. Be2 Nd5 14. Bd2 Bc6 15.
Rc1 Qd7 16. Bd3 Bb5 17. Qb3 Bxc4 18. Qxc4 h5 19. Be4 Nh6 20. Bxd5 exd5 21. Qc7
Nf5 22. Be3 Bd8 23. Qxd7+ Kxd7 24. Rc2 Be7 25. Nd2 Rac8 26. Rfc1 Rxc2 27. Rxc2
Rc8 28. Rxc8 Kxc8 29. h3 Bb4 30. Nb3 Kd7 31. g4 hxg4 32. hxg4 Ne7 33. f4 g6 34.
Kf1 Nc6 35. Ke2 b5 36. Bd2 Be7 37. Kd3 b4 38. f5 gxf5 39. gxf5 a5 40. Be3 a4
41. Nc1 Na5 42. Bf4 Kc6 43. Kc2 Kb5 44. Bh6 Kc4 45. f6 Bd8 46. e6 fxe6 47. f7
Be7 48. f8=Q Bxf8 49. Bxf8 b3+ 50. axb3+ axb3+ 51. Kb2 Kxd4 52. Nxb3+ Nxb3 53.
Kxb3 Ke4 54. Kc2 e5 55. Kd2 Kf3 56. Bc5 Ke4 57. Bf8 d4 58. Bg7 Kd5 59. Bf6 e4
60. Be7 Kc4 61. Bg5 1/2-1/2

[Event "Guernsey Open"]
[Site "Guernsey GCI"]
[Date "2008.10.19"]
[Round "1"]
[White "Thurlow, Kevin J"]
[Black "De Graaf, Arnoud"]
[Result "1/2-1/2"]
[WhiteElo "2062"]
[BlackElo "1785"]
[PlyCount "44"]
[EventDate "2008.10.19"]
[SourceDate "2006.10.28"]

1. c4 Nf6 2. Nc3 g6 3. d4 c5 4. Nf3 Bg7 5. g3 cxd4 6. Nxd4 O-O 7. Bg2 Nc6 8.
O-O d6 9. Nxc6 bxc6 10. Bxc6 Bh3 11. Bg2 Bxg2 12. Kxg2 Qc7 13. Qd3 Nd7 14. Nd5
Qb7 15. f3 Ne5 16. Qb3 Rfb8 17. Qxb7 Rxb7 18. Ne3 Rc8 19. c5 Rxc5 20. Rb1 Nc4
21. Nd1 Na3 22. Ra1 Nc2 1/2-1/2

[Event "Guernsey Open"]
[Site "Guernsey GCI"]
[Date "2008.10.19"]
[Round "1"]
[White "Paardekam, Rene"]
[Black "Von Saldern, Ruediger"]
[Result "1/2-1/2"]
[WhiteElo "1784"]
[BlackElo "2057"]
[PlyCount "81"]
[EventDate "2008.10.19"]
[SourceDate "2006.10.28"]

1. d4 d5 2. Nf3 Nf6 3. c4 e6 4. Bg5 Nbd7 5. e3 Be7 6. Nc3 O-O 7. Bd3 h6 8. Bh4
c5 9. cxd5 exd5 10. O-O cxd4 11. Nxd4 Ne5 12. Be2 a6 13. Rc1 b5 14. Nf3 Nc4 15.
b3 Nb6 16. Bg3 Bb7 17. Nxb5 axb5 18. Bc7 Qe8 19. Bxb6 Rxa2 20. Nd4 Ba6 21. Ra1
Rxa1 22. Qxa1 Qc8 23. Rc1 Qb7 24. Bc5 Bxc5 25. Rxc5 Nd7 26. Rc2 Ra8 27. Nc6 b4
28. Bxa6 Rxa6 29. Qc1 Nf6 30. Nd4 Ne4 31. Ne2 Ra3 32. Rc8+ Kh7 33. Qc2 Ra2 34.
Qxa2 Qxc8 35. Qb2 Nc3 36. Nd4 Qa6 37. g3 g6 38. Qc2 Qa1+ 39. Kg2 Qe1 40. Nf3
Qa1 41. Nd4 1/2-1/2